Statistics for Real Madrid C.F Full 2012/2013 Squad Kit Numbers

Click here to take the quiz!

General Stats

  • This quiz has been taken 624 times
  • The average score is 18 of 24

Answer Stats

Player NameKit Number% Correct
Iker Casillas (GK)1
100%
Sergio Ramos (CB)4
94%
Pepe (CB)3
93%
Raphaël Varane (CB)2
88%
Cristiano Ronaldo (LW)7
88%
Karim Benzema (CF)9
85%
Mesut Oezil (CAM)10
84%
Antonio Adán (GK)13
82%
Marcelo (LB)12
81%
Sami Khedira (CDM)6
80%
Kaká (CAM)8
79%
Xabi Alonso (CDM)14
76%
Luka Modric (CM/CAM)19
73%
Ángel Di María (RW)22
71%
Fábio Coentrão (LB)5
70%
Gonzalo Higuaín (CF)20
66%
Álvaro Arbeloa (RB)17
65%
Raúl Albiol (CB)18
63%
Ricardo Carvalho (CB)16
60%
José Callejon (RW/CF)21
59%
Michael Essien (CDM)15
58%
Álvaro Morata (CF)29
51%
Nacho Fernández (CB)27
50%
Jesús Fernández (GK)35
49%

Score Distribution

Percentile by Number Answered

Percent of People with Each Score

Your Score History

You have not taken this quiz